00889 a2200193 45000010006000000050017000060080041000230030015000640400040000790800035001192450072001540200018002262640064002443000019003085050225003270410008005521000032005608560103005923578120260407155637.0260407a1994 arg spa dAR-UNSa-BCEJYS aAR-UNSa-BCEJYSbspacAR-UNSa-BCEJYS a35xAdministración Pública10aEl gobierno del hombre por el hombrepahora gobernar es administrar a950-521-081-7 1aBuenos Aires :bTEA (Tipográfica Editora Argentina)c1994 a212 p.c22 cm. a1. De la seguridad, el orden y el progreso - 2. La comunidad organizada - 3. Tipología del buen gobierno - 4. Patología del sistema - 5. El ideal del proceso perfectivo - 6. El gobierno de los hombres del dosmil cien aspa1 aRodríguez Arias, Julio C.41uhttps://biblioeco.unsa.edu.ar/pmb/images/libros/gobernarEsAdmin.jpgyImagen de portadaqimage/jpeg